[Event "Mittelrhein Verbandsliga-N 17/18"]
[Site "Nordrheinwestfalen"]
[Date "2018.02.04"]
[Round "7.1"]
[White "Marcks, Martin"]
[Black "Tuerk, Philipp"]
[Result "1-0"]
[WhiteElo "2037"]
[BlackElo "2065"]
[PlyCount "119"]
[EventDate "2017.09.10"]
[EventType "team-swiss"]
[EventRounds "11"]
[EventCountry "GER"]
[SourceTitle "EXT 2022"]
[Source "ChessBase"]
[SourceDate "2021.10.06"]
[SourceVersion "1"]
[SourceVersionDate "2021.10.06"]
[SourceQuality "1"]
[WhiteTeam "Rheinpark BSG"]
[BlackTeam "Gruenfeld"]
[WhiteTeamCountry "GER"]
[BlackTeamCountry "GER"]

1. Nf3 d5 2. d4 c6 3. Bf4 g6 4. e3 Bg7 5. Bd3 Nd7 6. Nbd2 Ngf6 7. h3 0-0 8. c3 Re8 9. Bh2 b6 10. 0-0 c5 11. Ne5 Nxe5 12. Bxe5 Nd7 13. Bxg7 Kxg7 14. f4 f6 15. Qf3 Nf8 16. Rad1 e6 17. Rf2 Bb7 18. g4 Rc8 19. h4 Rc7 20. Qg3 e5 21. fxe5 fxe5 22. Rdf1 Qe7 23. Bb5 Bc6 24. Bxc6 Rxc6 25. dxe5 Nd7 26. Nf3 Kg8 27. Rd2 Qe6 28. Ng5 Qxe5 29. Qxe5 Rxe5 30. e4 Rf6 31. exd5 h6 32. Nf3 Re4 33. Nh2 Kf7 34. Kg2 c4 35. Rxf6+ Kxf6 36. Kf3 Ke5 37. d6 Rf4+ 38. Ke3 Re4+ 39. Kf3 h5 40. Kg3 Re3+ 41. Nf3+ Kf6 42. Kf4 Re8 43. gxh5 gxh5 44. Ng5 Nc5 45. d7 Rd8 46. Ne4+ Nxe4 47. Kxe4 Ke6 48. Kf4 Rxd7 49. Rxd7 Kxd7 50. Kg5 Ke6 51. Kxh5 Kf5 52. Kh6 Kf6 53. b4 cxb3 54. axb3 b5 55. b4 Ke5 56. Kg5 Ke4 57. h5 Kd3 58. h6 Kxc3 59. h7 Kxb4 60. h8Q 1-0

[Event "Mittelrhein Verbandsliga-N 17/18"]
[Site "Nordrheinwestfalen"]
[Date "2017.09.10"]
[Round "1.1"]
[White "Bosbach, Stefan"]
[Black "Marcks, Martin"]
[Result "1-0"]
[WhiteElo "2087"]
[BlackElo "2037"]
[PlyCount "97"]
[EventDate "2017.09.10"]
[EventType "team-swiss"]
[EventRounds "11"]
[EventCountry "GER"]
[SourceTitle "EXT 2022"]
[Source "ChessBase"]
[SourceDate "2021.10.06"]
[SourceVersion "1"]
[SourceVersionDate "2021.10.06"]
[SourceQuality "1"]
[WhiteTeam "Bergische SF"]
[BlackTeam "Rheinpark BSG"]
[WhiteTeamCountry "GER"]
[BlackTeamCountry "GER"]

1. Nf3 Nf6 2. g3 b6 3. Bg2 Bb7 4. 0-0 e6 5. c4 c5 6. Nc3 Be7 7. d3 0-0 8. e4 d6 9. Ne1 Nc6 10. f4 Nd4 11. g4 Nd7 12. Ne2 e5 13. Nf3 g6 14. Bd2 Rc8 15. Nexd4 cxd4 16. b4 a5 17. a3 Ra8 18. Qb3 a4 19. Qa2 Kg7 20. g5 f6 21. h4 f5 22. exf5 Rxf5 23. Nxd4 exd4 24. Bxb7 Ra7 25. Be4 Rf8 26. Rae1 Nf6 27. Qa1 Nxe4 28. Rxe4 Qd7 29. Qxd4+ Kg8 30. f5 Rxf5 31. Rxf5 Qxf5 32. Rf4 Qe5 33. Bc3 Qxd4+ 34. Bxd4 Rb7 35. Kg2 b5 36. Kf3 bxc4 37. dxc4 Rc7 38. Be3 Bf8 39. Re4 d5 40. cxd5 Rc3 41. Ke2 Rxa3 42. Bc5 Ra2+ 43. Kd3 Ra3+ 44. Kc4 Bg7 45. Re8+ Kf7 46. Re7+ Kg8 47. Ra7 Rc3+ 48. Kb5 a3 49. Rxg7+ 1-0

[Event "Mittelrhein Verbandsliga-M 1112"]
[Site "Germany"]
[Date "2012.05.20"]
[Round "11.2"]
[White "Ostenda, Eric"]
[Black "Marcks, Martin"]
[Result "1/2-1/2"]
[WhiteElo "2024"]
[BlackElo "2063"]
[PlyCount "55"]
[EventDate "2011.09.18"]
[EventType "team-tourn"]
[EventRounds "11"]
[EventCountry "GER"]
[SourceTitle "EXT 2013"]
[Source "ChessBase"]
[SourceDate "2012.11.22"]
[SourceVersion "1"]
[SourceVersionDate "2012.11.22"]
[SourceQuality "1"]
[WhiteTeam "Kalker/Deutzer SG"]
[BlackTeam "Rheinpark BSG"]
[WhiteTeamCountry "GER"]
[BlackTeamCountry "GER"]

1. e4 c5 2. Nf3 d6 3. d4 cxd4 4. Nxd4 Nf6 5. Nc3 a6 6. Be2 e6 7. 0-0 Be7 8. Be3 Qc7 9. f4 0-0 10. Bf3 Nc6 11. Qe1 Bd7 12. Rd1 Rac8 13. f5 Ne5 14. Qg3 Nxf3+ 15. gxf3 Rfe8 16. Kh1 Qa5 17. Bh6 g6 18. Bg5 Nh5 19. Qh4 Bxg5 20. Qxg5 Qe5 21. Rg1 Kh8 22. fxe6 Bxe6 23. Nxe6 Rxe6 24. Rd5 Qf4 25. Kg2 Qxg5+ 26. Rxg5 Nf4+ 27. Kg3 h6 28. Ra5 1/2-1/2

[Event "Mittelrhein Verbandsliga-M 1112"]
[Site "Germany"]
[Date "2012.02.05"]
[Round "6.2"]
[White "Marcks, Martin"]
[Black "Strohmeyer, Jochen"]
[Result "1/2-1/2"]
[WhiteElo "2063"]
[BlackElo "2138"]
[PlyCount "158"]
[EventDate "2011.09.18"]
[EventType "team-tourn"]
[EventRounds "11"]
[EventCountry "GER"]
[SourceTitle "EXT 2013"]
[Source "ChessBase"]
[SourceDate "2012.11.22"]
[SourceVersion "1"]
[SourceVersionDate "2012.11.22"]
[SourceQuality "1"]
[WhiteTeam "Rheinpark BSG"]
[BlackTeam "Koeln Lasker II"]
[WhiteTeamCountry "GER"]
[BlackTeamCountry "GER"]

1. e4 Nc6 2. Nc3 Nf6 3. Nf3 d5 4. e5 d4 5. exf6 dxc3 6. bxc3 gxf6 7. d4 Rg8 8. Qd3 Qd5 9. c4 Qf5 10. Bd2 e5 11. Qxf5 Bxf5 12. d5 Nb4 13. Bxb4 Bxb4+ 14. Kd1 0-0-0 15. Nh4 Bd7 16. f3 f5 17. Bd3 e4 18. fxe4 fxe4 19. Be2 c6 20. Rf1 Be6 21. Rb1 a5 22. c3 Bc5 23. Kc2 cxd5 24. cxd5 Bxd5 25. g3 Bxa2 26. Ra1 Be6 27. Rxa5 Be3 28. Rd1 Rxd1 29. Bxd1 Kc7 30. Ng2 Bb6 31. Rh5 Ra8 32. Kb1 e3 33. Re5 Kd6 34. Rb5 Bc5 35. Nf4 Bf5+ 36. Bc2 Bxc2+ 37. Kxc2 Ra2+ 38. Kd1 b6 39. h4 Rd2+ 40. Ke1 Ke5 41. Ne2 Ke4 42. Nd4 Rg2 43. Ne2 Kf3 44. Rb2 Rf2 45. Ra2 h5 46. Rb2 f5 47. Ra2 Rxe2+ 48. Rxe2 Kxg3 49. Kf1 f4 50. Rg2+ Kxh4 51. Ke2 Kh3 52. Kf3 e2 53. Rxe2 Be3 54. Rg2 Kh4 55. Rg6 Kh3 56. Rg5 Kh4 57. Rd5 Bc1 58. c4 Be3 59. Rf5 Bd2 60. Rd5 Bc1 61. Re5 Bd2 62. Re6 Be3 63. Rg6 Kh3 64. Rg5 Kh4 65. Rb5 Bc5 66. Kxf4 Kh3 67. Rb2 h4 68. Kf3 Bd4 69. Re2 Bf6 70. Re6 Bd4 71. Rg6 Kh2 72. Kg4 Bf2 73. Rh6 Kg2 74. Rh5 Bg3 75. Rh7 Be1 76. Re7 Bf2 77. Rh7 Be1 78. Rh5 Bg3 79. Rh6 Bf2 1/2-1/2

[Event "Mittelrhein Verbandsliga-M 1112"]
[Site "Germany"]
[Date "2011.10.09"]
[Round "2.1"]
[White "Marcks, Martin"]
[Black "Goy, Udo"]
[Result "1-0"]
[WhiteElo "2063"]
[BlackElo "2109"]
[PlyCount "39"]
[EventDate "2011.09.18"]
[EventType "team-tourn"]
[EventRounds "11"]
[EventCountry "GER"]
[SourceTitle "EXT 2013"]
[Source "ChessBase"]
[SourceDate "2012.11.22"]
[SourceVersion "1"]
[SourceVersionDate "2012.11.22"]
[SourceQuality "1"]
[WhiteTeam "Rheinpark BSG"]
[BlackTeam "Koeln Ford SF II"]
[WhiteTeamCountry "GER"]
[BlackTeamCountry "GER"]

1. e4 g6 2. d4 Bg7 3. Nc3 d6 4. Be3 Nf6 5. h3 c6 6. a4 0-0 7. Nf3 Qc7 8. Be2 e5 9. 0-0 Re8 10. Nd2 Nbd7 11. dxe5 dxe5 12. Nc4 Bf8 13. f4 Nc5 14. Bd3 Nxd3 15. cxd3 Nd7 16. fxe5 Nxe5 17. Bf4 f6 18. d4 Rd8 19. Nxe5 fxe5 20. Qb3+ 1-0

[Event "NRW Class1 0506"]
[Site "Germany"]
[Date "2006.05.07"]
[Round "9.8"]
[White "Eggert, Lars"]
[Black "Marcks, Martin"]
[Result "1/2-1/2"]
[WhiteElo "2190"]
[BlackElo "2184"]
[PlyCount "67"]
[EventDate "2005.09.25"]
[EventType "team"]
[EventRounds "9"]
[EventCountry "GER"]
[SourceTitle "EXT 2006"]
[Source "ChessBase"]
[SourceDate "2005.11.24"]
[SourceVersion "1"]
[SourceVersionDate "2005.11.24"]
[SourceQuality "1"]
[WhiteTeam "Muelheim Nord II"]
[BlackTeam "Koeln Brueck"]
[WhiteTeamCountry "GER"]
[BlackTeamCountry "GER"]

1. e4 c5 2. c3 d5 3. exd5 Qxd5 4. d4 e6 5. Nf3 Nf6 6. Na3 a6 7. Nc4 Qd8 8. Bg5 Be7 9. dxc5 Qxd1+ 10. Rxd1 Bxc5 11. b4 Ba7 12. Nd6+ Ke7 13. Ne5 Rf8 14. Be2 Nc6 15. f4 h6 16. Bh4 Be3 17. Bf3 Bxf4 18. Nxc6+ bxc6 19. Bxc6 Rb8 20. Nc4 Rd8 21. 0-0 Bc7 22. Bf2 Bd7 23. Bc5+ Ke8 24. Nd6+ Bxd6 25. Rxd6 Bxc6 26. Rxc6 Ra8 27. Bd4 Rdc8 28. Rb6 Nd7 29. Rb7 e5 30. Re1 f6 31. a4 Rab8 32. Ra7 Ra8 33. Rb7 Rab8 34. Ra7 1/2-1/2

[Event "NRW Class1 0506"]
[Site "Germany"]
[Date "2006.03.05"]
[Round "7.8"]
[White "Grabowski, Pawel"]
[Black "Marcks, Martin"]
[Result "1-0"]
[WhiteElo "2248"]
[BlackElo "2184"]
[PlyCount "77"]
[EventDate "2005.09.25"]
[EventType "team"]
[EventRounds "9"]
[EventCountry "GER"]
[SourceTitle "EXT 2006"]
[Source "ChessBase"]
[SourceDate "2005.11.24"]
[SourceVersion "1"]
[SourceVersionDate "2005.11.24"]
[SourceQuality "1"]
[WhiteTeam "Godesberg II"]
[BlackTeam "Koeln Brueck"]
[WhiteTeamCountry "GER"]
[BlackTeamCountry "GER"]

1. d4 Nf6 2. c4 d6 3. Nc3 g6 4. e4 Bg7 5. Be2 0-0 6. Nf3 c6 7. 0-0 a6 8. Re1 b5 9. a3 Bg4 10. cxb5 axb5 11. Bg5 h6 12. Be3 d5 13. e5 Ne8 14. Qd2 h5 15. h3 Bxf3 16. Bxf3 Nd7 17. g4 hxg4 18. hxg4 Nb6 19. b3 Nc7 20. Kg2 f6 21. exf6 exf6 22. Qc2 f5 23. gxf5 gxf5 24. Ne2 Qd7 25. Rg1 Ne6 26. Kf1 Nc8 27. Nf4 Ra7 28. Ng6 Rf6 29. Ne5 Qd6 30. Qxc6 f4 31. Bd2 Rc7 32. Qxd6 Nxd6 33. Bxd5 Kf8 34. Ba5 Rc2 35. Bb4 Nc7 36. Nd7+ Ke8 37. Rxg7 Nxd5 38. Nxf6+ Nxf6 39. Bxd6 1-0

[Event "NRW Class1 0506"]
[Site "Germany"]
[Date "2006.01.08"]
[Round "5.8"]
[White "Marcks, Martin"]
[Black "Buendgen, Achim"]
[Result "1/2-1/2"]
[WhiteElo "2184"]
[BlackElo "2186"]
[PlyCount "83"]
[EventDate "2005.09.25"]
[EventType "team"]
[EventRounds "9"]
[EventCountry "GER"]
[SourceTitle "EXT 2006"]
[Source "ChessBase"]
[SourceDate "2005.11.24"]
[SourceVersion "1"]
[SourceVersionDate "2005.11.24"]
[SourceQuality "1"]
[WhiteTeam "Koeln Brueck"]
[BlackTeam "Gesch"]
[WhiteTeamCountry "GER"]
[BlackTeamCountry "GER"]

1. e4 e5 2. Nf3 Nc6 3. Bb5 Nge7 4. 0-0 a6 5. Ba4 d6 6. c3 Bd7 7. d4 Ng6 8. Be3 Be7 9. Nbd2 h6 10. a3 Bg5 11. b4 Qf6 12. Bb3 Nf4 13. a4 Bg4 14. b5 axb5 15. axb5 Rxa1 16. Qxa1 Nd8 17. dxe5 dxe5 18. c4 Ng6 19. Qa7 Bxe3 20. Qxe3 0-0 21. c5 Ne6 22. Bd5 Qe7 23. Rc1 c6 24. bxc6 bxc6 25. Bxc6 Rc8 26. Bd5 Rxc5 27. Rxc5 Nxc5 28. h3 Bxf3 29. Qxf3 Nf4 30. Nc4 Ncd3 31. Ne3 Qf6 32. Bc4 Nc5 33. Kh2 Nce6 34. Ng4 Qg5 35. Bxe6 Nxe6 36. Qe3 Qf4+ 37. Qxf4 exf4 38. Ne5 f6 39. Nd3 Kf7 40. h4 g5 41. Kh3 Kg6 42. hxg5 1/2-1/2

[Event "NRW Class1 0405"]
[Site "Germany"]
[Date "2005.02.20"]
[Round "7.6"]
[White "Schmoll, Heinz"]
[Black "Marcks, Martin"]
[Result "1-0"]
[WhiteElo "1965"]
[BlackElo "2201"]
[PlyCount "55"]
[EventDate "2004.10.10"]
[EventType "team"]
[EventRounds "9"]
[EventCountry "GER"]
[SourceTitle "EXT 2006"]
[Source "ChessBase"]
[SourceDate "2005.11.24"]
[SourceVersion "1"]
[SourceVersionDate "2005.11.24"]
[SourceQuality "1"]
[WhiteTeam "Gerresheim II"]
[BlackTeam "Koeln Brueck"]
[WhiteTeamCountry "GER"]
[BlackTeamCountry "GER"]

1. c4 c5 2. Nc3 Nf6 3. Nf3 b6 4. e4 d6 5. d4 cxd4 6. Nxd4 e6 7. Be2 Bb7 8. f3 Be7 9. 0-0 0-0 10. Be3 a6 11. Qd2 Nbd7 12. Rfd1 Qc7 13. Rac1 Rfe8 14. Bf1 Rac8 15. Qf2 Qb8 16. b3 g6 17. g4 Ne5 18. g5 Nfd7 19. Bh3 Nc5 20. Qf1 Rcd8 21. b4 Ncd7 22. f4 Nc6 23. Nxe6 fxe6 24. Bxe6+ Kg7 25. b5 Bf8 26. Bd5 Nce5 27. fxe5 Nxe5 28. Qf6# 1-0

[Event "Leverkusen op"]
[Site "Leverkusen"]
[Date "2004.04.19"]
[Round "8"]
[White "Cordts, Ingo"]
[Black "Marcks, Martin"]
[Result "1-0"]
[WhiteElo "2287"]
[BlackElo "2222"]
[PlyCount "61"]
[EventDate "2004.01.12"]
[EventType "swiss"]
[EventRounds "9"]
[EventCountry "GER"]
[SourceTitle "EXT 2006"]
[Source "ChessBase"]
[SourceDate "2005.11.24"]
[SourceVersion "1"]
[SourceVersionDate "2005.11.24"]
[SourceQuality "1"]

1. e4 c5 2. Nf3 d6 3. d4 cxd4 4. Nxd4 Nf6 5. Nc3 a6 6. g3 e5 7. Nde2 Be6 8. Bg2 Nbd7 9. 0-0 Be7 10. h3 Nb6 11. f4 Rc8 12. Kh2 h5 13. b3 h4 14. g4 exf4 15. Bxf4 g5 16. Be3 d5 17. Qd4 Rc6 18. Bxg5 Bxg4 19. hxg4 Nxg4+ 20. Kh1 Rg8 21. Bxe7 Qxe7 22. Bh3 dxe4 23. Rf4 Rd6 24. Qxe4 Ne5 25. Rf5 f6 26. Raf1 Rc6 27. Qe3 Qc7 28. Rxf6 Nbd7 29. Nd5 Qb8 30. Rxc6 bxc6 31. Bxd7+ 1-0

[Event "Leverkusen op"]
[Site "Leverkusen"]
[Date "2004.03.15"]
[Round "6"]
[White "Marcks, Martin"]
[Black "Boehm, Stefan"]
[Result "1-0"]
[WhiteElo "2222"]
[BlackElo "2107"]
[PlyCount "117"]
[EventDate "2004.01.12"]
[EventType "swiss"]
[EventRounds "9"]
[EventCountry "GER"]
[SourceTitle "EXT 2006"]
[Source "ChessBase"]
[SourceDate "2005.11.24"]
[SourceVersion "1"]
[SourceVersionDate "2005.11.24"]
[SourceQuality "1"]

1. e4 e6 2. d4 c5 3. Nf3 cxd4 4. Nxd4 a6 5. c4 Nf6 6. Nc3 Qc7 7. Be2 b6 8. 0-0 Bb7 9. Bf3 d6 10. Bg5 Be7 11. Rc1 0-0 12. Re1 Nbd7 13. g3 Rac8 14. Bg2 Qb8 15. b3 Rfe8 16. Rc2 Nxe4 17. Nxe4 Bxe4 18. Bxe4 Bxg5 19. Qh5 h6 20. Qh3 Nc5 21. Bc6 Rf8 22. Bg2 Bf6 23. Nc6 Qc7 24. f4 Qd7 25. b4 Rxc6 26. Bxc6 Qxc6 27. bxc5 Qxc5+ 28. Kf1 Rc8 29. Qg2 b5 30. Rec1 b4 31. Qe4 Bc3 32. Rd1 a5 33. g4 Rd8 34. h4 d5 35. Qd3 d4 36. Re2 Rc8 37. f5 exf5 38. gxf5 Kf8 39. f6 g6 40. Qe4 Qc6 41. Qf4 g5 42. hxg5 d3 43. Rxd3 hxg5 44. Rh3 Qxf6 45. Qxf6 Bxf6 46. Rf3 Bc3 47. Re4 Rc7 48. Rf5 a4 49. Rb5 f6 50. Ke2 Kf7 51. Kd3 Rd7+ 52. Rd5 Rc7 53. a3 Rb7 54. axb4 Bxb4 55. c5 Ba5 56. Rxa4 Bc7 57. c6 Ke6 58. Rd7 Be5 59. Rxb7 1-0

[Event "NRW Class1 0304"]
[Site "Germany"]
[Date "2004.02.08"]
[Round "6.7"]
[White "Peschel, Andreas"]
[Black "Marcks, Martin"]
[Result "1/2-1/2"]
[WhiteElo "2161"]
[BlackElo "2222"]
[PlyCount "60"]
[EventDate "2003.09.28"]
[EventType "team"]
[EventRounds "9"]
[EventCountry "GER"]
[SourceTitle "CBM 098 Extra"]
[Source "ChessBase"]
[SourceDate "2004.03.10"]
[SourceVersion "2"]
[SourceVersionDate "2004.03.10"]
[SourceQuality "1"]
[WhiteTeam "Solingen III"]
[BlackTeam "Koeln Brueck"]
[WhiteTeamCountry "GER"]
[BlackTeamCountry "GER"]

1. c4 g6 2. Nc3 Bg7 3. Nf3 c5 4. d4 cxd4 5. Nxd4 Nc6 6. Nc2 Nf6 7. g3 b6 8. Bg2 Ba6 9. b3 Rc8 10. 0-0 0-0 11. Bb2 d6 12. Bxc6 Rxc6 13. Nb4 Bb7 14. Nxc6 Bxc6 15. Nd5 Nxd5 16. Bxg7 Nf4 17. gxf4 Kxg7 18. Qd4+ e5 19. Qc3 Re8 20. Rfd1 Qf6 21. f3 Re6 22. fxe5 dxe5 23. Rd3 Qg5+ 24. Kh1 Rf6 25. Rg1 Qf4 26. Qd2 Qf5 27. Rg5 Qh3 28. Rg3 Qf1+ 29. Rg1 Qh3 30. Rg3 Qf1+ 1/2-1/2

[Event "Leverkusen op"]
[Site "Leverkusen"]
[Date "2004.01.26"]
[Round "2"]
[White "Marcks, Martin"]
[Black "Hess, Christian1111"]
[Result "1/2-1/2"]
[WhiteElo "2222"]
[BlackElo "1983"]
[PlyCount "40"]
[EventDate "2004.01.12"]
[EventType "swiss"]
[EventRounds "9"]
[EventCountry "GER"]
[SourceTitle "EXT 2006"]
[Source "ChessBase"]
[SourceDate "2005.11.24"]
[SourceVersion "1"]
[SourceVersionDate "2005.11.24"]
[SourceQuality "1"]

1. e4 c5 2. Nf3 d6 3. d4 cxd4 4. c3 Nf6 5. Qxd4 Nc6 6. Bb5 Bd7 7. Qd3 e6 8. Bf4 d5 9. Nbd2 Qb6 10. Rd1 Bc5 11. 0-0 0-0 12. exd5 Nxd5 13. Bg3 Be7 14. Bc4 h6 15. Bb3 Rac8 16. Rfe1 Rfd8 17. Nc4 Qa6 18. Qb1 Be8 19. Nce5 Nxe5 20. Bxe5 Ba4 1/2-1/2

[Event "Cologne-ch 49th"]
[Site "Cologne"]
[Date "2000.10.14"]
[Round "2"]
[White "Marcks, Martin"]
[Black "Morawietz, Dieter"]
[Result "0-1"]
[WhiteElo "2257"]
[BlackElo "2406"]
[PlyCount "74"]
[EventDate "2000.07.10"]
[EventType "swiss"]
[EventRounds "9"]
[EventCountry "GER"]
[SourceTitle "EXT 2002"]
[Source "ChessBase"]
[SourceDate "2001.11.25"]
[SourceVersion "1"]
[SourceVersionDate "2001.11.25"]
[SourceQuality "1"]

1. e4 c5 2. Nf3 e6 3. d4 cxd4 4. Nxd4 Nf6 5. Nc3 d6 6. f4 Be7 7. Be2 0-0 8. 0-0 Nc6 9. Nxc6 bxc6 10. Bd3 e5 11. f5 d5 12. Kh1 Bb7 13. Qe2 Re8 14. Bd2 Rb8 15. b3 Ba8 16. Rad1 Bb4 17. Na4 Bxd2 18. Rxd2 Qa5 19. Rdd1 Rb4 20. c3 Rxe4 21. Bxe4 Nxe4 22. f6 Nxf6 23. Rd3 Ne4 24. Qg4 Qc7 25. b4 Bb7 26. Re3 Bc8 27. Qd1 Qe7 28. Nc5 Nxc5 29. bxc5 Qxc5 30. Qh5 g6 31. Qh6 f5 32. Rg3 Qd6 33. h4 f4 34. Rg5 Qf6 35. Qh5 Kg7 36. Rb1 h6 37. Rg4 Kh7 0-1